| 000 | 00481 a2200157 4500 | ||
|---|---|---|---|
| 082 |
_a006 _bH535i |
||
| 100 |
_aHiggins, J.C. _919978 |
||
| 245 | _aInformation system for planning and control: concepts and cases | ||
| 260 |
_aLondon _bEdward, Arnold _c1976 |
||
| 300 | _avii,247p. illus. | ||
| 650 | _aInformation storage and retrieval systems | ||
| 650 |
_aMarketing of information _919979 |
||
| 650 |
_aComputer systems _9333 |
||
| 653 | _aInformation theory | ||
| 942 |
_2ddc _cGEN |
||
| 999 |
_c59373 _d59361 |
||